Principios de economía política : (Registro nro. 5537)
[ vista simple ]
| 000 -LEADER | |
|---|---|
| fixed length control field | 01405nam a2200337Ia 4500 |
| 003 - CONTROL NUMBER IDENTIFIER | |
| control field | OSt |
| 005 - DATE AND TIME OF LATEST TRANSACTION | |
| control field | 20200623110300.0 |
| 008 - FIXED-LENGTH DATA ELEMENTS--GENERAL INFORMATION | |
| fixed length control field | 191128s1951 mx gr 001 0 spa d |
| 040 ## - CATALOGING SOURCE | |
| Original cataloging agency | CO-JMCR |
| Transcribing agency | CO-JMCR |
| 041 1# - LANGUAGE CODE | |
| Language code of text/sound track or separate title | spa |
| Language code of original | eng |
| 082 04 - DEWEY DECIMAL CLASSIFICATION NUMBER | |
| Classification number | 330.153 / |
| Item number | S929p |
| Edition number | 23 |
| 100 1# - MAIN ENTRY--PERSONAL NAME | |
| Personal name | Stuart Mill, John, |
| Relator term | autor |
| 9 (RLIN) | 5955 |
| 245 10 - TITLE STATEMENT | |
| Title | Principios de economía política : |
| Remainder of title | con algunas de sus aplicaciones a la filosofía social / |
| Statement of responsibility, etc. | John Stuart Mill ; edición e introducción de W.J. Ashley ; traducción de T. Ortiz ; revisada por C. Lara Beautell |
| 250 ## - EDITION STATEMENT | |
| Edition statement | Segunda edición |
| 260 ## - PUBLICATION, DISTRIBUTION, ETC. | |
| Place of publication, distribution, etc. | México |
| 260 ## - PUBLICATION, DISTRIBUTION, ETC. | |
| Name of publisher, distributor, etc. | Fondo de Cultura Económica |
| 260 ## - PUBLICATION, DISTRIBUTION, ETC. | |
| Date of publication, distribution, etc. | 1951 |
| 300 ## - PHYSICAL DESCRIPTION | |
| Extent | 896 páginas ; |
| Dimensions | 23 cm. |
| 490 0# - SERIES STATEMENT | |
| Series statement | Sección de obras de economía. Las obras maestras |
| 500 ## - GENERAL NOTE | |
| General note | Incluye apéndice bibliográfico páginas 837-864. |
| 500 ## - GENERAL NOTE | |
| General note | Incluye índice analítico páginas 865-872. |
| 505 0# - FORMATTED CONTENTS NOTE | |
| Formatted contents note | La producción -- La distribución -- El cambio -- Influencia del progreso de la sociedad sobre la producción y la distribución -- Sobre la influencia del gobierno |
| 546 ## - LANGUAGE NOTE | |
| Language note | Traducido del inglés |
| 650 14 - SUBJECT ADDED ENTRY--TOPICAL TERM | |
| Topical term or geographic name entry element | Teoría económica |
| 9 (RLIN) | 5956 |
| 650 24 - SUBJECT ADDED ENTRY--TOPICAL TERM | |
| Topical term or geographic name entry element | Economía política |
| 9 (RLIN) | 5957 |
| 650 24 - SUBJECT ADDED ENTRY--TOPICAL TERM | |
| Topical term or geographic name entry element | Económistas clásicos |
| 9 (RLIN) | 5958 |
| 700 1# - ADDED ENTRY--PERSONAL NAME | |
| Personal name | Ashley, W.J., |
| Relator term | introducción |
| 9 (RLIN) | 5959 |
| 700 1# - ADDED ENTRY--PERSONAL NAME | |
| Personal name | Ortiz, T., |
| Relator term | traductor |
| 9 (RLIN) | 5960 |
| 700 1# - ADDED ENTRY--PERSONAL NAME | |
| Personal name | Lara Beautell, L., |
| Relator term | revisor |
| 9 (RLIN) | 5961 |
| 942 ## - ADDED ENTRY ELEMENTS (KOHA) | |
| Source of classification or shelving scheme | Dewey Decimal Classification |
| Koha item type | Books |
| Withdrawn status | Lost status | Source of classification or shelving scheme | Materials specified (bound volume or other part) | Damaged status | Not for loan | Home library | Current library | Shelving location | Date acquired | Source of acquisition | Cost, normal purchase price | Total Checkouts | Full call number | Barcode | Date last seen | Date last checked out | Copy number | Price effective from | Koha item type |
|---|---|---|---|---|---|---|---|---|---|---|---|---|---|---|---|---|---|---|---|
| Dewey Decimal Classification | Donación--15/04/2018-- | Biblioteca Pública José María del Castillo y Rada | Biblioteca Pública José María del Castillo y Rada | General Stacks | 11/28/2019 | Donación | 0.00 | 2 | 330.153 / S929p | 430002047 | 05/16/2024 | 03/28/2023 | Ej.1 | 11/28/2019 | Books |